000 00669nam a2200181 a 4500
005 20210219160156.0
008 080922s1981 mx r 000 0 spa d
035 _aUPN01000160197
049 _aUNE
080 _aOC 061.1: 374.7 (7/8) "1981" CRE.
245 0 0 _aCREFAL :
_bpresencia y acción en América Latina y el Caribe.
260 _aPátzcuaro, Mich. :
_bCREFAL,
_c1981.
300 _a74 P. :
_bIL.
500 _aEdición conmemorativa del 30 aniversario de la Institución
690 _aCREFAL - Celebraciones de aniversarios
700 1 _aCREFAL.
_bCentro Regional de Educación de Adultos y alfabetización Funcional para América Latina
905 _aUNESCO
999 _c132311
_d132311